000 00526nam a2200193Ia 4500
005 20260429112038.0
008 260429s9999||||xx |||||||||||||| ||und||
020 _a9781804891841
041 _aEnglish
082 _a543.5
_bASH
100 _aAshcroft, Caelan
245 0 _aSpectroscopy /
_cCaelan Ashcroft
260 _aUnited Kingdom :
_bBrilliant Publication Ltd. ,
_c2025.
300 _axii, 275 p.; hb
650 _a Analytical chemistry
650 _a Molecular analysis
650 _aSpectroscopy
942 _cTB
999 _c52066
_d52066